000 00772nam a2200241Ia 4500
003 OSt
005 20220926024453.0
006 a|||||r|||| 00| 0
007 ta
008 220923b |||||||| |||| 00| 0 eng d
020 _a1845203275
_c1000.00
037 _b21693, 14/09/2007, Segment Book Distrobutors
_cGeneral Book
040 _aRTL
_cRTL
_beng
041 _2eng
_aeng
082 _aYxN29B, P4
100 _aBAUDRILLARD Jean
_920867
245 0 _aIntelligence of evil or the lucidity pact. Tr. by Chris Turner
260 _aOxford
_bBerg
_c2004
300 _av, 213p
_ccm.
650 _aSociolology
_9230864
942 _hYxN29B, P4
_cGB
_2CC
999 _c644359
_d644359